|
|
|
|
| LEADER |
01269nam a2200289 a 4500 |
| 001 |
0017170 |
| 003 |
BD-DhAAL |
| 008 |
090709s2005 mauaf 001 1 eng d |
| 010 |
|
|
|a 2003110121
|
| 020 |
|
|
|a 0618386327 (pbk.)
|
| 040 |
|
|
|a DLC
|c DLC
|d DLC
|d BD-DhAAL
|
| 082 |
0 |
0 |
|a 808.3
|2 22
|
| 245 |
0 |
0 |
|a Understanding fiction /
|c [compiled by] Judith Roof.
|
| 260 |
|
|
|a Boston :
|b Houghton Mifflin,
|c c2005.
|
| 300 |
|
|
|a xix, 768, 5, 4, 8 p., [4] p. of plates :
|b ill. (some col.) ;
|c 24 cm
|
| 500 |
|
|
|a Includes index.
|
| 526 |
|
|
|a ENH
|x Prof. Syed Manzoorul Islam
Faculty Member of BRAC University
|
| 541 |
1 |
|
|e 00017170
|a Friends' Book Corner
|
| 650 |
|
0 |
|a College readers.
|
| 650 |
|
0 |
|a Fiction
|v Collections.
|9 58318
|
| 650 |
|
0 |
|a Criticism
|x Authorship
|v Problems, exercises, etc.
|9 58319
|
| 650 |
|
0 |
|a English language
|x Rhetoric
|v Problems, exercises, etc.
|
| 700 |
1 |
|
|a Roof, Judith,
|d 1951-
|9 58320
|
| 852 |
4 |
|
|a Ayesha Abed Library
|c General Stacks
|
| 942 |
|
|
|2 ddc
|c BK
|
| 999 |
|
|
|c 2235
|d 2235
|
| 952 |
|
|
|0 0
|1 0
|2 ddc
|4 0
|6 808_300000000000000_UND_2005
|7 0
|9 2061
|a BRACUL
|b BRACUL
|c GEN
|d 2009-07-09
|e Friends' Book Corner
|g 4796.00
|l 3
|m 21
|o 808.3 UND
|p 3010017170
|r 2025-04-20
|s 2025-04-16
|t 1
|w 2009-07-09
|y BK
|x Requisitioned by Prof. Syed Manzoorul Islam (Faculty Member of BRAC University).
|